[Event "Tournoi Skype 032A"]
[Site "Skype"]
[Date "????.??.??"]
[Round "5.3"]
[White "Calcino, Luis"]
[Black "Graham, Neil"]
[Result "1-0"]
[WhiteElo "1848"]
[BlackElo "1622"]
[PlyCount "79"]

1. Nf3 d5 2. c4 Nf6 3. g3 c6 4. Bg2 Nbd7 5. cxd5 cxd5 6. d4 e6 7. O-O Be7 8.
Nc3 O-O 9. Re1 b6 10. b3 Bb7 11. Bb2 Rc8 12. Rc1 a6 13. a3 b5 14. Na2 Qb6 15.
Qd3 b4 16. axb4 Bxb4 17. Nxb4 Qxb4 18. Nd2 a5 19. Ra1 Qb6 20. e3 Rc7 21. Rec1
Ba6 22. Qb1 Rfc8 23. Rxc7 Rxc7 24. Bf1 Bxf1 25. Kxf1 Qb5+ 26. Ke1 Nb8 27. h3
Nc6 28. Bc3 h6 29. Qb2 Nb4 30. Bxb4 Qxb4 31. Qa3 Qxa3 32. Rxa3 Ra7 33. Ke2 Kf8
34. f3 Ke7 35. b4 a4 36. Nb1 Nd7 37. e4 dxe4 38. fxe4 Nb6 39. Kd3 Ra5 40. bxa5
1-0

[Event "Tournoi Skype 032A"]
[Site "Skype"]
[Date "????.??.??"]
[Round "5.4"]
[White "Alvarez, Juan Evangelista"]
[Black "Ricieri, Vinicius"]
[Result "0-1"]
[WhiteElo "1693"]
[BlackElo "1878"]
[PlyCount "111"]

1. f4 c5 2. Nf3 d5 3. d4 Nf6 4. c4 g6 5. e3 Bg7 6. cxd5 Nxd5 7. Bb5+ Bd7 8.
Bxd7+ Nxd7 9. O-O O-O 10. e4 N5b6 11. dxc5 Nxc5 12. Qc2 Rc8 13. Nc3 Nca4 14. e5
Nxc3 15. bxc3 Qc7 16. Bd2 Nc4 17. Be1 Ne3 18. Qb3 Nxf1 19. Kxf1 Qc4+ 20. Qxc4
Rxc4 21. Rb1 Rxf4 22. Rxb7 Ra4 23. Rxe7 Rxa2 24. Nd4 Rc8 25. Nb5 a5 26. Nd6 Rf8
27. c4 a4 28. Bb4 a3 29. Ne8 Ra1+ 30. Ke2 a2 31. Nxg7 Re1+ 32. Kxe1 a1=Q+ 33.
Ke2 Kxg7 34. Rd7 Qxe5+ 35. Kd1 Re8 36. Rd2 Qg5 37. c5 Rd8 38. Bc3+ Kg8 39.
Rxd8+ Qxd8+ 40. Kc2 f5 41. Kb3 Qd5+ 42. Kb4 Qxg2 43. Kb5 Qb7+ 44. Kc4 f4 45.
Bd4 g5 46. Kd3 h5 47. Bf6 Qd5+ 48. Bd4 g4 49. Kc3 h4 50. Kd3 g3 51. hxg3 hxg3
52. Kc3 f3 53. c6 Qxc6+ 54. Kd2 Qd5 55. Ke3 Qxd4+ 56. Kxf3 0-1

[Event "Tournoi Skype 032A"]
[Site "Skype"]
[Date "????.??.??"]
[Round "5.5"]
[White "Franco Flores, Ximena"]
[Black "Deville, Olivier"]
[Result "1-0"]
[WhiteElo "1594"]
[BlackElo "1863"]
[PlyCount "75"]

1. e4 g6 2. d4 Bg7 3. Nf3 d6 4. Be2 Nf6 5. Nc3 Nc6 6. Be3 Ng4 7. Bg5 h6 8. Bh4
Nf6 9. h3 O-O 10. O-O e5 11. dxe5 dxe5 12. Qxd8 Nxd8 13. Bg3 Nc6 14. Nxe5 Nxe5
15. Bxe5 c6 16. f4 Be6 17. Rad1 b5 18. Bd6 Rfd8 19. e5 Nd5 20. Nxd5 Bxd5 21.
Bf3 Bxf3 22. Rxf3 g5 23. g3 gxf4 24. gxf4 Bf8 25. Rg3+ Kh7 26. Rdd3 Bxd6 27.
Rxd6 Rxd6 28. exd6 Rd8 29. Rd3 Rd7 30. Kf2 Kg6 31. Kf3 f5 32. Kg3 Kf6 33. Kh4
Kg6 34. b4 a6 35. a3 Kg7 36. Kh5 Kh7 37. h4 Kg7 38. Rg3+ 1-0

[Event "Tournoi Skype 032A"]
[Site "Skype"]
[Date "????.??.??"]
[Round "5.7"]
[White "Pirola, Gabriele"]
[Black "Engstrom, Olle"]
[Result "1-0"]
[WhiteElo "1702"]
[BlackElo "1674"]
[PlyCount "65"]

1. Nf3 c5 2. c3 Nc6 3. d4 cxd4 4. cxd4 d5 5. g3 Nf6 6. Bg2 Bf5 7. O-O e6 8. Nc3
Be7 9. Nh4 Bg4 10. b3 O-O 11. Bb2 Rc8 12. Rc1 Nd7 13. Nf3 Bf6 14. e3 e5 15. Qd2
exd4 16. Nxd4 Nxd4 17. exd4 Nb6 18. a4 Be6 19. a5 Na8 20. Ba3 Re8 21. Nxd5 Bxd5
22. Rxc8 Qxc8 23. Bxd5 Rd8 24. Rc1 Qf5 25. Bxb7 Rxd4 26. Qe1 Rd8 27. Be7 Re8
28. Be4 Rxe7 29. Bxf5 Rxe1+ 30. Rxe1 Kf8 31. Rc1 Ke7 32. Rc8 g6 33. Bh3 1-0

[Event "Tournoi Skype 032A"]
[Site "Skype"]
[Date "????.??.??"]
[Round "5.8"]
[White "Resende, Paulo"]
[Black "Quiel, Aristoteles"]
[Result "1-0"]
[WhiteElo "1929"]
[BlackElo "1596"]
[PlyCount "141"]

1. e4 e5 2. Nf3 Nc6 3. Bb5 a6 4. Ba4 Nf6 5. O-O b5 6. Bb3 Nxe4 7. d4 exd4 8.
Re1 d5 9. Nxd4 Bc5 10. Be3 Nxd4 11. Bxd4 Bxd4 12. Qxd4 O-O 13. Qxd5 Be6 14.
Qxe4 Bxb3 15. axb3 Re8 16. Qxe8+ Qxe8 17. Rxe8+ Rxe8 18. Kf1 Ra8 19. Nc3 c6 20.
Rd1 Kf8 21. Rd7 Re8 22. Ra7 b4 23. Ne2 Rd8 24. Ke1 Rc8 25. Rxa6 c5 26. Rd6 Ra8
27. Rd5 Rc8 28. Ng3 g6 29. Ne4 Re8 30. Rxc5 Rxe4+ 31. Kd2 Ke7 32. Rc4 Re6 33.
Rxb4 Rd6+ 34. Ke2 Re6+ 35. Kd3 f5 36. Rd4 Re1 37. Kc3 Re2 38. Rd2 Re6 39. f4
Re3+ 40. Kb4 h6 41. g3 g5 42. fxg5 hxg5 43. c4 f4 44. gxf4 gxf4 45. c5 f3 46.
Rf2 Kd7 47. Kc4 Kc6 48. b4 Re4+ 49. Kc3 Re3+ 50. Kd4 Rb3 51. Kc4 Re3 52. h4
Re4+ 53. Kc3 Re3+ 54. Kd4 Rb3 55. Kc4 Re3 56. h5 Re4+ 57. Kc3 Rh4 58. Rxf3 Rxh5
59. Rd3 Kb5 60. Rd8 Rh3+ 61. Kd4 Rh4+ 62. Kd5 Rh5+ 63. Kd6 Rh6+ 64. Kc7 Kxb4
65. c6 Kc5 66. b4+ Kxb4 67. Kb7 Kc5 68. c7 Rb6+ 69. Ka7 Rc6 70. c8=Q Rxc8 71.
Rxc8+ 1-0

[Event "Tournoi Skype 032A"]
[Site "Skype"]
[Date "????.??.??"]
[Round "5.10"]
[White "Casey, Eamonn"]
[Black "Sequeda Pimiento, Javier Ricardo"]
[Result "0-1"]
[WhiteElo "1724"]
[BlackElo "1576"]
[PlyCount "104"]

1. d4 Nf6 2. c4 g6 3. Nc3 Bg7 4. e4 d6 5. Be2 Nbd7 6. Be3 O-O 7. h3 a6 8. a4 c6
9. f4 e5 10. fxe5 dxe5 11. d5 Nh5 12. Bxh5 Qh4+ 13. Bf2 Qxh5 14. Qxh5 gxh5 15.
Nf3 Re8 16. O-O Nf8 17. Be3 Ng6 18. d6 Be6 19. b3 Nf4 20. Ng5 Bh6 21. Nxe6 Rxe6
22. Rad1 Nxh3+ 23. Kh2 Bxe3 24. Kxh3 Bd4 25. Ne2 Rxd6 26. Rf5 h4 27. Rdf1 Rf8
28. Rh5 Bb2 29. Rxh4 Rd3+ 30. Rf3 Rxf3+ 31. gxf3 Rd8 32. Rg4+ Kf8 33. Rg3 Rd2
34. Ng1 Bd4 35. Kg4 Rd3 36. b4 Rb3 37. b5 cxb5 38. cxb5 axb5 39. axb5 Rxb5 40.
Ne2 Ba1 41. Rh3 Rb2 42. Ng3 Rg2 43. Rxh7 Kg8 44. Rh5 b5 45. Kh3 Rg1 46. Kh2 Rc1
47. Nf5 Rc2+ 48. Kg3 b4 49. Nh6+ Kg7 50. Nf5+ Kg6 51. Rh6+ Kg5 52. Rh4 b3 0-1

[Event "Tournoi Skype 032A"]
[Site "Skype"]
[Date "????.??.??"]
[Round "5.11"]
[White "Yeter, Orhan"]
[Black "Rodier, Marc"]
[Result "1-0"]
[WhiteElo "1578"]
[BlackElo "1686"]
[PlyCount "27"]

1. e4 c5 2. d4 cxd4 3. c3 d3 4. Bxd3 d6 5. Nf3 Nc6 6. O-O Nf6 7. Qe2 Bg4 8. Rd1
Nd4 9. cxd4 e5 10. dxe5 dxe5 11. Bb5+ Bd7 12. Bxd7+ Nxd7 13. Nxe5 Nxe5 14.
Rxd8+ 1-0

[Event "Tournoi Skype 032A"]
[Site "Skype"]
[Date "????.??.??"]
[Round "5.12"]
[White "Bendre, Pankaj"]
[Black "Lovell, Stan"]
[Result "0-1"]
[WhiteElo "1479"]
[BlackElo "1684"]
[PlyCount "38"]

1. d4 Nf6 2. b3 d5 3. Bb2 Bf5 4. Nf3 e6 5. e3 Bd6 6. Bd3 Bg6 7. Nbd2 Nc6 8. Ne5
Nb4 9. Bxg6 hxg6 10. Ndf3 Ne4 11. Qe2 c6 12. c3 Na6 13. g3 Nc7 14. a4 g5 15.
Qd3 Qf6 16. Qe2 O-O-O 17. Ng4 Qe7 18. Nfe5 Ne8 19. f3 Nxg3 0-1

[Event "Tournoi Skype 032A"]
[Site "Skype"]
[Date "????.??.??"]
[Round "5.13"]
[White "Sanchez Ruiz, Justo"]
[Black "Trivedi, Viral"]
[Result "0-1"]
[WhiteElo "1671"]
[BlackElo "1551"]
[PlyCount "104"]

1. e4 e6 2. d4 d5 3. e5 c5 4. c3 Nc6 5. Nf3 Bd7 6. a3 f6 7. Bd3 cxd4 8. cxd4
Be7 9. Nc3 a6 10. O-O Qb6 11. Bb1 fxe5 12. dxe5 Nh6 13. b4 Rc8 14. Bb2 Nf7 15.
Re1 Ncd8 16. Ne2 O-O 17. Bd4 Qc7 18. Qd3 g6 19. Qe3 Bb5 20. Rc1 Qd7 21. Bd3
Bxd3 22. Qxd3 Nc6 23. Bb2 Ng5 24. Nxg5 Bxg5 25. f4 Bxf4 26. Rf1 Bxe5 27. Bxe5
Nxe5 28. Qg3 Rxf1+ 29. Rxf1 Qc7 30. Qh3 Qb6+ 31. Kh1 Nc4 32. Qf3 Qc7 33. Qh3
Qe5 34. Ng1 Nd2 35. Rd1 Ne4 36. Qe3 Rc3 37. Qb6 Qd6 38. Qa7 Rxa3 39. Rf1 Qe7
40. Qb8+ Kg7 41. Qe5+ Kh6 42. Nh3 Qg7 43. Qxe6 Ra1 44. Ng1 Rxf1 45. Qh3+ Kg5
46. Qe3+ Kf5 47. g4+ Ke6 48. Qb6+ Ke5 49. Kg2 Rf2+ 50. Kh1 Ng3+ 51. hxg3 Qh6+
52. Nh3 Qxh3+ 0-1

[Event "Tournoi Skype 032A"]
[Site "Skype"]
[Date "????.??.??"]
[Round "5.14"]
[White "Mayor Martinez, Juan Jose"]
[Black "Junqueira, Leonardo De Faria"]
[Result "1-0"]
[WhiteElo "1802"]
[BlackElo "1645"]
[PlyCount "51"]

1. e4 e5 2. Nf3 Nc6 3. Bb5 f5 4. d3 fxe4 5. dxe4 Bc5 6. O-O d6 7. Bc4 Nf6 8.
Ng5 d5 9. exd5 Na5 10. Bb5+ c6 11. dxc6 Qxd1 12. cxb7+ Ke7 13. bxa8=Q Qxc2 14.
Qf3 Rf8 15. Qc3 Qxc3 16. Nxc3 a6 17. Be2 h6 18. Nge4 Nxe4 19. Nxe4 Ba7 20. Bd2
Nb7 21. b4 Nd6 22. Nxd6 Kxd6 23. a4 Bd4 24. Rad1 Bb7 25. b5 axb5 26. Bb4+ 1-0

[Event "Tournoi Skype 032A"]
[Site "Skype"]
[Date "????.??.??"]
[Round "5.15"]
[White "Gadow, Martin"]
[Black "Lambert, Pierre"]
[Result "0-1"]
[WhiteElo "1651"]
[BlackElo "1791"]
[PlyCount "84"]

1. d4 d5 2. Nf3 e6 3. Bf4 Nf6 4. e3 Bd6 5. Bg3 O-O 6. Bd3 Nc6 7. Ne5 Nb4 8. Bb5
a6 9. Be2 Ne4 10. c3 Nc6 11. Bd3 f6 12. Nf3 e5 13. Nbd2 Nxg3 14. hxg3 e4 15.
Nxe4 dxe4 16. Qb3+ Rf7 17. Bxe4 f5 18. Bd5 Qf6 19. Ng5 Nd8 20. Nxf7 Nxf7 21.
O-O-O h6 22. e4 fxe4 23. Bxe4 Rb8 24. Bd5 c6 25. Bxf7+ Qxf7 26. Qxf7+ Kxf7 27.
Rd3 Be6 28. a3 Rd8 29. Rf3+ Kg8 30. Re3 Bd5 31. Rg1 Rf8 32. f4 c5 33. Rd3 Bc4
34. Re3 cxd4 35. cxd4 Bd5 36. Rc3 Re8 37. Kd2 Kf7 38. Re3 Rd8 39. Rc3 Bc6 40.
Rxc6 bxc6 41. Rc1 c5 42. dxc5 Bxf4+ 0-1

[Event "Tournoi Skype 032A"]
[Site "Skype"]
[Date "????.??.??"]
[Round "5.16"]
[White "Morales Terreros, Jose Luis"]
[Black "Saponara, Jose Maria"]
[Result "1-0"]
[WhiteElo "1623"]
[BlackElo "1710"]
[PlyCount "101"]

1. e4 g6 2. d4 Bg7 3. Bc4 e6 4. Bg5 Ne7 5. e5 d5 6. Bd3 Nbc6 7. c3 h6 8. Bh4 g5
9. Bg3 Bd7 10. Qc2 Na5 11. Nd2 a6 12. b4 Nac6 13. h3 Nf5 14. Bh2 h5 15. g4 hxg4
16. hxg4 Nh6 17. Be2 Qe7 18. f4 f5 19. exf6 Bxf6 20. O-O-O O-O-O 21. Nh3 Qg7
22. fxg5 Bxg5 23. Nxg5 Qxg5 24. Rdg1 Rdf8 25. Bg3 Nxg4 26. Rxh8 Rxh8 27. Qd1
Nf6 28. Bxc7 Qe3 29. Rg3 Qh6 30. Bb6 Ne4 31. Rf3 Be8 32. Kc2 Bg6 33. Nxe4 Bxe4+
34. Kb3 Bxf3 35. Bxf3 Qf6 36. Qe2 Kd7 37. Qg2 Rf8 38. Bg4 Ne7 39. Bc5 Kc6 40.
Qe2 Kd7 41. Qh2 Qf4 42. Qh4 Qf6 43. Qe1 Rg8 44. Bh3 Nf5 45. c4 dxc4+ 46. Kxc4
Rc8 47. a4 b6 48. Qh1 bxc5 49. Qb7+ Kd6 50. bxc5+ Rxc5+ 51. dxc5+ 1-0

[Event "Tournoi Skype 032A"]
[Site "Skype"]
[Date "????.??.??"]
[Round "5.17"]
[White "Quispe, Alberto"]
[Black "Lago Carballo, Maria Del Carmen"]
[Result "1-0"]
[WhiteElo "1680"]
[BlackElo "1604"]
[PlyCount "149"]

1. d4 d5 2. c4 Nf6 3. Nc3 c6 4. Bf4 h6 5. h3 e6 6. a3 Be7 7. e3 Bd6 8. Bxd6
Qxd6 9. Nf3 O-O 10. Bd3 Re8 11. c5 Qe7 12. O-O Nbd7 13. b4 e5 14. dxe5 Nxe5 15.
Be2 Bf5 16. Rc1 Nxf3+ 17. Bxf3 Rad8 18. Ne2 Be4 19. Nd4 a6 20. Re1 Bxf3 21.
Qxf3 Qe4 22. Qg3 Nh5 23. Qc7 Qe7 24. Qb6 Qd7 25. g4 Nf6 26. f3 Rc8 27. Nf5 Qc7
28. Qxc7 Rxc7 29. Nd6 Rd8 30. e4 Ne8 31. exd5 Nxd6 32. cxd6 Rxd6 33. dxc6 Rdxc6
34. Rxc6 Rxc6 35. Re8+ Kh7 36. Re7 Rf6 37. Kg2 b5 38. Kg3 Kg6 39. h4 Re6 40.
Ra7 Kf6 41. Rc7 g6 42. Rc5 Re3 43. Rc6+ Re6 44. Rc3 Re1 45. f4 Rg1+ 46. Kf3 Re1
47. Rd3 g5 48. hxg5+ hxg5 49. Rd6+ Re6 50. fxg5+ Kxg5 51. Rd5+ Kg6 52. Rd8 Kg7
53. Rd5 Kg6 54. Kf4 f6 55. Rc5 Kf7 56. Kf5 Re3 57. Rc7+ Re7 58. Rc6 Re5+ 59.
Kf4 Re6 60. Rc5 Kg6 61. Rd5 Kf7 62. Rf5 Re7 63. g5 Re6 64. Kg4 Kg6 65. Kf4
fxg5+ 66. Rxg5+ Kf7 67. Rd5 Rf6+ 68. Ke5 Re6+ 69. Kd4 Ke7 70. Kc5 Rg6 71. Re5+
Kd7 72. Rh5 Rc6+ 73. Kd5 Rd6+ 74. Ke5 Re6+ 75. Kd4 1-0

[Event "Tournoi Skype 032A"]
[Site "Skype"]
[Date "????.??.??"]
[Round "5.18"]
[White "Kumbhar, Ashok"]
[Black "Castellanos Gonzalez, Mariano"]
[Result "1/2-1/2"]
[WhiteElo "1511"]
[BlackElo "1670"]
[PlyCount "102"]

1. d4 f5 2. c4 e6 3. d5 exd5 4. cxd5 Bb4+ 5. Nc3 Nf6 6. Nf3 Ne4 7. Qb3 a5 8. a3
Bxc3+ 9. bxc3 d6 10. e3 Nd7 11. Bd3 a4 12. Qc4 Ndc5 13. Bxe4 Nxe4 14. Nd2 Nc5
15. e4 b6 16. O-O Ba6 17. Qd4 O-O 18. Re1 fxe4 19. Nxe4 Nb3 20. Bg5 Qxg5 21.
Nxg5 Nxd4 22. cxd4 Bc4 23. Ne6 Rfc8 24. Rac1 b5 25. h3 Ra7 26. Nf4 g5 27. Nh5
Kf7 28. Re6 Bxd5 29. Rh6 Be4 30. Re1 Bg6 31. f4 Bxh5 32. Rxh5 Rh8 33. fxg5 c6
34. Rf1+ Kg6 35. g4 Rf7 36. Re1 Rd7 37. Re6+ Kf7 38. Rhh6 Kg7 39. Rxd6 Rxd6 40.
Rxd6 Rc8 41. Kf2 c5 42. dxc5 Rxc5 43. h4 Rc2+ 44. Kf3 Rc3+ 45. Ke4 Rxa3 46. h5
b4 47. h6+ Kf7 48. Rd7+ Kg6 49. Kf4 Ra1 50. Rd6+ Kf7 51. Rd7+ Kg8 1/2-1/2

[Event "Tournoi Skype 032A"]
[Site "Skype"]
[Date "????.??.??"]
[Round "5.19"]
[White "Nicolini, Francesco"]
[Black "Hague, Mark"]
[Result "1-0"]
[WhiteElo "1666"]
[BlackElo "1582"]
[PlyCount "27"]

1. Nf3 Nf6 2. Nc3 a6 3. d4 c6 4. e4 e6 5. Bd3 Bb4 6. Bg5 Bxc3+ 7. bxc3 h6 8.
Bh4 O-O 9. e5 g5 10. Nxg5 hxg5 11. Bxg5 Qa5 12. Bxf6 Qxc3+ 13. Kf1 d6 14. Qg4#
1-0

[Event "Tournoi Skype 032A"]
[Site "Skype"]
[Date "????.??.??"]
[Round "5.20"]
[White "Lopes, Marcia Maria"]
[Black "Khetre, Gaurav"]
[Result "0-1"]
[WhiteElo "1579"]
[BlackElo "1701"]
[PlyCount "166"]

1. d4 d5 2. Bf4 Nf6 3. Nf3 c5 4. e3 Nc6 5. c3 e6 6. Bd3 Bd6 7. Bg3 O-O 8. Ne5
Qc7 9. f4 b6 10. O-O Bb7 11. Nd2 Rac8 12. Ndf3 Ne7 13. Bh4 cxd4 14. exd4 Ng6
15. Bxf6 gxf6 16. Nxg6 hxg6 17. g3 Kg7 18. Bc2 b5 19. a3 Qb6 20. Kg2 e5 21. Nh4
e4 22. Qg4 Kh7 23. Kh1 Rce8 24. Qh3 Kg7 25. f5 Bc8 26. Bd1 Rh8 27. Qg2 g5 28.
Rf2 gxh4 29. gxh4+ Kf8 30. h5 Ke7 31. Qh3 Reg8 32. Rg2 Qd8 33. Bg4 Qf8 34. Rag1
Rg5 35. Re2 Qh6 36. Qe3 Qh7 37. Reg2 a6 38. Qe2 Bd7 39. Ra1 Rhg8 40. a4 Qh6 41.
h3 R5g7 42. Rf1 Qg5 43. Qf2 bxa4 44. Ra1 Bb5 45. Rag1 Qf4 46. Qxf4 Bxf4 47. Ra1
Bd7 48. Rf1 Bh6 49. Rgg1 Bb5 50. Ra1 Kd7 51. Rg2 Kd6 52. Rag1 Re8 53. Bd1 Rxg2
54. Rxg2 Bg5 55. Rg1 e3 56. Rg2 e2 57. Bxe2 Bxe2 58. Rf2 Re4 59. Kh2 Bxh5 60.
Rf1 Re2+ 61. Kg3 Rxb2 62. h4 Be3 63. Ra1 a3 64. Rxa3 Be2 65. Ra1 Bd3 66. h5
Bxf5 67. Rxa6+ Ke7 68. Ra7+ Kf8 69. Ra8+ Kg7 70. Kf3 Bd2 71. Ra1 Bxc3 72. Rd1
Be4+ 73. Ke3 Rh2 74. Rg1+ Rg2 75. Rxg2+ Bxg2 76. Kd3 Ba1 77. Ke3 f5 78. Kf2 Be4
79. Ke3 Kf6 80. Kf4 Bxd4 81. h6 Ke6 82. h7 Be5+ 83. Kg5 d4 0-1

[Event "Tournoi Skype 032A"]
[Site "Skype"]
[Date "????.??.??"]
[Round "5.21"]
[White "De Nobrega, George"]
[Black "Perrone, Gabriel Lorenzo"]
[Result "1/2-1/2"]
[WhiteElo "1572"]
[BlackElo "1629"]
[PlyCount "105"]

1. e4 c6 2. Nf3 d5 3. exd5 cxd5 4. h3 Nf6 5. d4 Bf5 6. Bd3 Bxd3 7. Qxd3 e6 8.
a3 Be7 9. Nc3 a6 10. O-O O-O 11. Re1 Nc6 12. Bf4 Bd6 13. Bxd6 Qxd6 14. Ne5 Rac8
15. Rac1 Nd7 16. Nxd7 Qxd7 17. Na4 Qc7 18. c4 Qa5 19. Nc5 Nxd4 20. Nxb7 Qb6 21.
Nd6 Nb3 22. Nxc8 Nxc1 23. Ne7+ Kh8 24. Rxc1 Re8 25. Nxd5 exd5 26. cxd5 Qxb2 27.
Rc7 Qa1+ 28. Kh2 Qe5+ 29. Qg3 Qxd5 30. Qe3 Qd6+ 31. Qg3 Qxg3+ 32. Kxg3 Kg8 33.
Ra7 Kf8 34. Rxa6 Rd8 35. a4 Rd3+ 36. f3 g6 37. a5 Rd7 38. Rb6 Ra7 39. a6 f5 40.
Kf4 Ke8 41. g4 fxg4 42. Rb8+ Kd7 43. Rb7+ Rxb7 44. axb7 Kc7 45. Kxg4 h6 46. h4
Kxb7 47. f4 Kc7 48. f5 gxf5+ 49. Kxf5 Kd7 50. Kg6 h5 51. Kxh5 Ke7 52. Kg6 Kf8
53. h5 1/2-1/2

[Event "Tournoi Skype 032A"]
[Site "Skype"]
[Date "????.??.??"]
[Round "5.22"]
[White "Carballo, Jorge"]
[Black "Llabres, Sergio"]
[Result "0-1"]
[WhiteElo "1620"]
[BlackElo "1556"]
[PlyCount "32"]

1. e4 c6 2. d4 d5 3. exd5 cxd5 4. Nf3 Bf5 5. c3 e6 6. Bb5+ Nc6 7. Ne5 Rc8 8.
Nd2 a6 9. Ba4 b5 10. Nxc6 Rxc6 11. Bc2 Bxc2 12. Qxc2 Nf6 13. Nf3 Bd6 14. Bg5 h6
15. Bh4 Bb4 16. cxb4 Rxc2 0-1

[Event "Tournoi Skype 032A"]
[Site "Skype"]
[Date "????.??.??"]
[Round "5.23"]
[White "Pasasin, Alejandro"]
[Black "Khabou, Taha"]
[Result "0-1"]
[WhiteElo "1576"]
[BlackElo "1615"]
[PlyCount "78"]

1. e4 e6 2. d4 d5 3. e5 c5 4. c3 Nc6 5. Nf3 Qb6 6. Qb3 Bd7 7. Bf4 Nge7 8. Bd3
cxd4 9. cxd4 Nxd4 10. Nxd4 Qxd4 11. Bg3 Bc6 12. Nd2 Ng6 13. Nf3 Qb4+ 14. Nd2
Qxb3 15. Nxb3 Bb4+ 16. Nd2 O-O 17. a3 Ba5 18. b4 Bb6 19. O-O Bd4 20. Rab1 Bxe5
21. Bxe5 Nxe5 22. Be2 Rac8 23. Nb3 a6 24. Nc5 Nd7 25. Rfc1 Nxc5 26. Rxc5 Bd7
27. Rbc1 Rxc5 28. Rxc5 Rc8 29. Rxc8+ Bxc8 30. b5 axb5 31. Bxb5 Kf8 32. Kf1 Ke7
33. Ke2 Bd7 34. a4 Bxb5+ 35. axb5 Kd6 36. Kd3 Kc5 37. f4 Kxb5 38. Kd4 Ka4 39.
g4 b5 0-1

[Event "Tournoi Skype 032A"]
[Site "Skype"]
[Date "????.??.??"]
[Round "5.24"]
[White "Hadla, Mohammad Ali"]
[Black "Gharbi, Said"]
[Result "0-1"]
[WhiteElo "1614"]
[BlackElo "1544"]
[PlyCount "84"]

1. e4 e5 2. Bc4 Be7 3. Nf3 Nc6 4. c3 d6 5. d4 Bg4 6. Be3 a6 7. h3 Bh5 8. Bd5
Nf6 9. Qc2 Bxf3 10. gxf3 Nxd5 11. exd5 Na7 12. dxe5 dxe5 13. Qe4 Bf6 14. Nd2
O-O 15. O-O-O c6 16. dxc6 Nxc6 17. Nc4 Qe7 18. Nb6 Rad8 19. Nd5 Qe6 20. h4 Rfe8
21. Bg5 Be7 22. Bxe7 Nxe7 23. Nc7 Qh6+ 24. Kb1 Rxd1+ 25. Rxd1 Rb8 26. Qxe5 Qxh4
27. Re1 Ng6 28. Qg3 Qd8 29. Re8+ Qxe8 30. Nxe8 Rxe8 31. f4 f5 32. c4 Re4 33.
Qb3 Re7 34. c5+ Kf8 35. Qd5 Nxf4 36. Qxf5+ Rf7 37. Qxh7 Ne2 38. Qe4 Re7 39. Qb4
Ke8 40. Qa4+ Kd8 41. c6 Rc7 42. cxb7 Rc1# 0-1

[Event "Tournoi Skype 032A"]
[Site "Skype"]
[Date "????.??.??"]
[Round "5.25"]
[White "Grib, Johannes"]
[Black "Vaswani, Manohar"]
[Result "0-1"]
[WhiteElo "1599"]
[BlackElo "1447"]
[PlyCount "44"]

1. e4 e5 2. Nf3 Nc6 3. d4 exd4 4. Nxd4 Nxd4 5. Qxd4 d6 6. Nd2 Nf6 7. Be2 Be7 8.
Nf3 Be6 9. Ng5 Qd7 10. a4 O-O 11. b3 Bg4 12. Bf3 Bxf3 13. Nxf3 Qg4 14. O-O Qxe4
15. Qxe4 Nxe4 16. Re1 Bf6 17. Ra3 Rae8 18. Kf1 Nc3 19. b4 Rxe1+ 20. Nxe1 Re8
21. Bb2 Nb1 22. Ra2 Nd2+ 0-1

[Event "Tournoi Skype 032A"]
[Site "Skype"]
[Date "????.??.??"]
[Round "5.27"]
[White "Bourdeau, Yvan"]
[Black "Aceituno, Stebe"]
[Result "1/2-1/2"]
[WhiteElo "1740"]
[BlackElo "1641"]
[PlyCount "95"]

1. d4 Nf6 2. Bf4 g6 3. Nc3 c6 4. e4 d6 5. e5 dxe5 6. dxe5 Qxd1+ 7. Rxd1 Nh5 8.
g3 Nxf4 9. gxf4 Bg7 10. Ne4 Bf5 11. f3 Nd7 12. Bh3 Bxh3 13. Nxh3 Nb6 14. Ke2
Nd5 15. Nc5 b6 16. Nd3 e6 17. c4 Ne7 18. Rd2 Nf5 19. Nb4 c5 20. Nc2 O-O 21.
Rhd1 h6 22. Nf2 Ne7 23. Rd7 Nc6 24. Ne4 Rfd8 25. b3 Rxd7 26. Rxd7 Rd8 27. Rxd8+
Nxd8 28. Nd6 Nc6 29. a3 a5 30. a4 g5 31. Nc8 gxf4 32. Nxb6 Bxe5 33. Nd7 Bd6 34.
Nf6+ Kf8 35. Ne4 Ke7 36. Kd3 f5 37. Nxd6 Kxd6 38. h3 e5 39. Na3 Nb4+ 40. Ke2
Kc6 41. Nb5 Nc2 42. Na7+ Kc7 43. Nb5+ Kb6 44. Nd6 Nd4+ 45. Kf2 e4 46. fxe4 fxe4
47. Nxe4 Nxb3 48. Kf3 1/2-1/2

[Event "Tournoi Skype 032A"]
[Site "Skype"]
[Date "????.??.??"]
[Round "5.28"]
[White "Garcia Andrinal, Antonio"]
[Black "Abdulrazzaq, Mohsen"]
[Result "1/2-1/2"]
[WhiteElo "1725"]
[BlackElo "1585"]
[PlyCount "26"]

1. e4 c5 2. Nf3 Nc6 3. d4 cxd4 4. Nxd4 e6 5. Nc3 Nf6 6. g3 Bc5 7. Nxc6 bxc6 8.
Bg2 d5 9. exd5 exd5 10. O-O O-O 11. Bg5 Be6 12. Qd2 Be7 13. Rfe1 Re8 1/2-1/2

[Event "Tournoi Skype 032A"]
[Site "Skype"]
[Date "????.??.??"]
[Round "5.29"]
[White "Munoz Gonzalez, Martin"]
[Black "Vello, Pablo"]
[Result "0-1"]
[WhiteElo "1658"]
[BlackElo "1514"]
[PlyCount "132"]

1. Nf3 Nf6 2. b3 d5 3. Bb2 c5 4. e3 Nc6 5. Be2 e6 6. d3 Be7 7. O-O O-O 8. Nbd2
Bd7 9. c4 Re8 10. Ne5 Nxe5 11. Bxe5 Bc6 12. Nf3 dxc4 13. bxc4 Bd6 14. Bc3 Qc7
15. g3 e5 16. e4 b5 17. Nd2 b4 18. Bb2 Nd7 19. Re1 Nb6 20. Rc1 Be7 21. Nf3 Bf6
22. Qd2 Rad8 23. Qe3 Bb7 24. Bd1 Qd6 25. Bc2 Qc6 26. Rcd1 a5 27. Bc1 Nd7 28.
Bb2 Nf8 29. Nd2 a4 30. Nf3 Qc7 31. Bxa4 Re7 32. Nd2 Ne6 33. Nf3 Nd4 34. Nxd4
exd4 35. Qd2 Ra8 36. Bb3 g6 37. Bc1 Bg7 38. Qg5 Qe5 39. Qxe5 Bxe5 40. f4 Bg7
41. Kf2 Rae8 42. Rd2 f5 43. e5 Kf7 44. Rde2 Bc8 45. a3 bxa3 46. Bxa3 Rb7 47.
Bd1 Bf8 48. Rb2 Ra7 49. Rb3 Be6 50. Bf3 Rc8 51. Rb7+ Rxb7 52. Bxb7 Rb8 53. Bf3
Rb3 54. Bc1 Rxd3 55. Rd1 Rxd1 56. Bxd1 Bxc4 57. Ba3 Ke6 58. Ke1 Kd5 59. Bf3+
Ke6 60. Kd2 Bd5 61. Be2 Be7 62. Kd3 Kd7 63. Bd1 Ke6 64. Ba4 g5 65. fxg5 Kxe5
66. Bd7 c4+ 0-1

[Event "Tournoi Skype 032A"]
[Site "Skype"]
[Date "????.??.??"]
[Round "5.30"]
[White "Ramirez Reina, Orlando"]
[Black "Davis, Michael"]
[Result "0-1"]
[WhiteElo "1567"]
[BlackElo "1590"]
[PlyCount "110"]

1. e4 c5 2. c4 e5 3. Nf3 Nc6 4. d3 d6 5. Bg5 Be7 6. Bxe7 Ngxe7 7. h3 h6 8. a3
Be6 9. Nbd2 O-O 10. Rb1 b6 11. b4 cxb4 12. axb4 a5 13. b5 Nb4 14. d4 Qc7 15. d5
Bd7 16. Be2 Ng6 17. O-O Nf4 18. Kh2 Nfd3 19. Bxd3 Nxd3 20. Qe2 Nf4 21. Qe3 a4
22. Ne1 a3 23. Ra1 Qc5 24. Qxc5 bxc5 25. Nb1 a2 26. Nc3 Ra3 27. Nxa2 Rfa8 28.
g3 Nxh3 29. Nc2 Rxa2 30. Rxa2 Rxa2 31. Ne3 Nxf2 32. Kg1 Nxe4 33. Rb1 Nxg3 34.
b6 Bc8 35. b7 Bxb7 36. Rxb7 f5 37. Rb6 f4 38. Ng4 Ne4 39. Rb8+ Kh7 40. Rb3 Rc2
41. Nxe5 dxe5 42. Rd3 Rxc4 43. d6 Nxd6 44. Rxd6 f3 45. Rd2 e4 46. Kf2 Rc3 47.
Ra2 g5 48. Ra7+ Kg6 49. Re7 Kf5 50. Rf7+ Kg4 51. Re7 e3+ 52. Rxe3 Rxe3 53. Kxe3
c4 54. Kd4 f2 55. Kxc4 f1=Q+ 0-1

[Event "Tournoi Skype 032A"]
[Site "Skype"]
[Date "????.??.??"]
[Round "5.31"]
[White "Galani, Mahendra"]
[Black "L'Herbon De Lussats, Jean"]
[Result "1-0"]
[WhiteElo "1572"]
[BlackElo "1493"]
[PlyCount "117"]

1. d4 d5 2. Nd2 Nf6 3. Ngf3 c5 4. e3 Nc6 5. Bb5 Bg4 6. dxc5 e5 7. h3 Bd7 8. c3
e4 9. Nh2 Bxc5 10. b4 O-O 11. bxc5 Ne5 12. Be2 Qc7 13. Nb3 Rfe8 14. O-O a5 15.
a4 Rac8 16. Qd4 Bc6 17. Bd2 Rcd8 18. Rad1 Nc4 19. Bxc4 dxc4 20. Qxc4 Bd5 21.
Qb5 Bc6 22. Qc4 Bd5 23. Qb5 Bc6 24. Qxa5 Qxa5 25. Nxa5 Ra8 26. Nxc6 bxc6 27.
Ra1 Red8 28. Ra2 Rd5 29. c4 Rxc5 30. Rc1 Nd7 31. Bb4 Rf5 32. f4 exf3 33. Nxf3
c5 34. Bc3 Nb6 35. e4 Rf4 36. a5 Nxc4 37. Re1 f6 38. e5 fxe5 39. Nxe5 h6 40.
Nd7 Rf5 41. Re7 Nd6 42. Rxg7+ Kh8 43. Rg6+ Kh7 44. Rxd6 c4 45. Nf6+ Kg6 46.
Ng4+ Kg5 47. Bd2+ Kh4 48. Rxh6+ Rh5 49. Rb6 Rc5 50. Bc3 Kg3 51. a6 Rd5 52. Ne3
Rd3 53. Be1+ Kf4 54. Nxc4 Rd4 55. Rf6+ Ke4 56. Nb6 Rad8 57. Re2+ Kd3 58. Rfe6
Rb4 59. Rd2+ 1-0

[Event "Tournoi Skype 032A"]
[Site "Skype"]
[Date "????.??.??"]
[Round "5.32"]
[White "De Fazio, Monica"]
[Black "Le Brun, Yves"]
[Result "1-0"]
[WhiteElo "1603"]
[BlackElo "1601"]
[PlyCount "63"]

1. d4 d5 2. c4 c6 3. Nf3 Bf5 4. g3 Qd7 5. Bg2 Bh3 6. O-O Bxg2 7. Kxg2 dxc4 8.
a4 Nf6 9. Qc2 h6 10. Qxc4 e6 11. Nc3 Nd5 12. e4 Nb6 13. Qe2 Na6 14. a5 Nc8 15.
d5 f6 16. dxc6 Qxc6 17. Qb5 Qxb5 18. Nxb5 Be7 19. Nfd4 Kf7 20. b3 Nd6 21. Nxd6+
Bxd6 22. Ba3 Bxa3 23. Rxa3 Rhc8 24. Ra4 Nc5 25. Rb4 a6 26. Rb6 Rab8 27. b4 Ke7
28. bxc5 Rxc5 29. Rxe6+ Kd7 30. Rb6 Rc4 31. Rd1 Ra4 32. Nc6+ 1-0